Nursing care plans & documentation: (Record no. 4063)

MARC details
000 -LEADER
fixed length control field 00613nam a22001817a 4500
003 - CONTROL NUMBER IDENTIFIER
control field OSt
005 - DATE AND TIME OF LATEST TRANSACTION
control field 20250819051450.0
008 - FIXED-LENGTH DATA ELEMENTS--GENERAL INFORMATION
fixed length control field 250819b |||||||| |||| 00| 0 eng d
020 ## - INTERNATIONAL STANDARD BOOK NUMBER
International Standard Book Number 0-7817-1742-6
040 ## - CATALOGING SOURCE
Transcribing agency OC
082 ## - DEWEY DECIMAL CLASSIFICATION NUMBER
Classification number Circ. 610.73 C224n 1999
100 ## - MAIN ENTRY--PERSONAL NAME
Personal name Carpenito, L.J.
245 ## - TITLE STATEMENT
Title Nursing care plans & documentation:
Remainder of title nursing diagnoses & collaborative problems
260 ## - PUBLICATION, DISTRIBUTION, ETC.
Place of publication, distribution, etc. Philadelphia:
Name of publisher, distributor, etc. Lippincott ;
Date of publication, distribution, etc. c. 1999.
300 ## - PHYSICAL DESCRIPTION
Extent xx, 825 pages ;
Dimensions 27 cm.
504 ## - BIBLIOGRAPHY, ETC. NOTE
Bibliography, etc. note includes appendix and index
942 ## - ADDED ENTRY ELEMENTS (KOHA)
Source of classification or shelving scheme Dewey Decimal Classification
Koha item type Book Circulation
Classification part Circ. 610.73 C224n 1999
Call number prefix Circ.
Suppress in OPAC No
952 ## - LOCATION AND ITEM INFORMATION (KOHA)
--
Holdings
Withdrawn status Lost status Source of classification or shelving scheme Damaged status Not for loan Home library Current library Date acquired Source of acquisition Total Checkouts Full call number Barcode Date last seen Copy number Price effective from Koha item type Uniform Resource Identifier
    Dewey Decimal Classification     HM & Nursing Library HM & Nursing Library 09/06/2004 School Fund   Circ. 610.73 C224n 1999 CL41061 08/19/2025 c2 08/19/2025 BK-CIRC